Treatment of hazardous waste leachate : unit operations and costs /

Bibliographic Details
Main Author: McArdle, J. L.
Other Authors: Arozarena, M. M. (Michael M.), Gallagher, W. E. (William E.)
Format: Book
Language:English
Published: Park Ridge, N.J., U.S.A. : Noyes Data Corp., [1988]
Series:Pollution technology review ; no. 151.
Subjects:

MARC

Tag First Indicator Second Indicator Subfields
LEADER 00000cam a2200000 a 4500
001 in00000027140
005 20151007055913.0
008 871130s1988 njua b 00110 eng
010 |a  87034715  
020 |a 0815511604 :  |c $36.00 
035 |a (OCoLC)17260131 
035 |9 AAB9613AM 
040 |a DLC  |c DLC  |d TXA  |d UtOrBLW 
049 |a TXAM  |c [A11090667] 
050 0 0 |a TD811.5  |b .M39 1988 
082 0 |a 628.4  |2 19 
100 1 |a McArdle, J. L. 
245 1 0 |a Treatment of hazardous waste leachate :  |b unit operations and costs /  |c by J.L. McArdle, M.M. Arozarena, W.E. Gallagher. 
264 1 |a Park Ridge, N.J., U.S.A. :  |b Noyes Data Corp.,  |c [1988] 
264 4 |c ©1988 
300 |a viii, 111 pages :  |b illustrations ;  |c 24 cm. 
336 |a text  |b txt  |2 rdacontent 
337 |a unmediated  |b n  |2 rdamedia 
338 |a volume  |b nc  |2 rdacarrier 
490 1 |a Pollution technology review,  |x 0090-516X ;  |v no. 151 
504 |a Bibliography: pages 107-111. 
500 |a Includes index. 
650 0 |a Hazardous wastes. 
650 0 |a Hazardous waste sites  |x Leaching. 
650 0 |a Leachate. 
700 1 |a Arozarena, M. M.  |q (Michael M.) 
700 1 |a Gallagher, W. E.  |q (William E.) 
830 0 |a Pollution technology review ;  |v no. 151. 
999 |a MARS 
999 f f |s 8761f012-7530-3f17-be58-54bae6bd00dc  |i 12c1b4bb-f498-3c1a-8715-1cfab987436e  |t 0 
952 f f |p ric  |a Texas A&M University  |b Rellis Campus  |c Joint Library Facility  |d Remote Storage  |t 0  |e TD811.5 .M39 1988  |h Library of Congress classification  |i unmediated -- volume  |m A14811090667 
998 f f |a TD811.5 .M39 1988  |t 0  |l Remote Storage